000 00407nam a2200169Ia 4500
005 20250508163431.0
008 008 250505s9999 xx 000 0 eng d
037 _aTextual
040 _aFEDL
_beng
_cFEDL
041 _aeng
_2eng
084 _a374, DAN
_qFEDL
245 0 _aEducation for life
260 _c1983
300 _a48p.
942 _cTEXL
_h374, DAN
999 _c1383209
_d1383209